| 000 | 00507nam a22002177a 4500 | ||
|---|---|---|---|
| 003 | OSt | ||
| 005 | 20230908113320.0 | ||
| 008 | 230908b |||||||| |||| 00| 0 eng d | ||
| 020 | _a9789395161091 | ||
| 040 | _cMRSPTU | ||
| 041 | _aENG | ||
| 082 |
_a641.3 _bMA-F |
||
| 100 | _aManay, N.S hakuntala | ||
| 245 | _aFood: Facts and Principles | ||
| 250 | _a5th Ed. | ||
| 260 |
_aNew Delhi _bNew Age _c2023 |
||
| 300 | _a545p. | ||
| 650 | _aFood Science | ||
| 700 | _aM Shadaksharaswamy | ||
| 942 |
_2ddc _cBK |
||
| 999 |
_c9882 _d9882 |
||